The Anticosti Island faunas / (Record no. 25458)

MARC details
000 -LEADER
fixed length control field 01043cam a22002891a 4500
001 - CONTROL NUMBER
control field gs 15000053
003 - CONTROL NUMBER IDENTIFIER
control field DLC
005 - DATE AND TIME OF LATEST TRANSACTION
control field 20260227111317.0
008 - FIXED-LENGTH DATA ELEMENTS--GENERAL INFORMATION
fixed length control field 790620s1914 onca f000 0 eng
010 ## - LIBRARY OF CONGRESS CONTROL NUMBER
LC control number gs 15000053
035 ## - SYSTEM CONTROL NUMBER
System control number (OCoLC)5085580
040 ## - CATALOGING SOURCE
Original cataloging agency DLC
Transcribing agency TxCM
Modifying agency PPiU
-- OCoLC
-- DLC
043 ## - GEOGRAPHIC AREA CODE
Geographic area code n-cn-qu
050 00 - LIBRARY OF CONGRESS CALL NUMBER
Classification number QH1
Item number .C3 no. 3
051 ## - LIBRARY OF CONGRESS COPY, ISSUE, OFFPRINT STATEMENT
Classification number QE748
Item number .T9
100 1# - MAIN ENTRY--PERSONAL NAME
Personal name Twenhofel, William H.
Fuller form of name (William Henry),
Dates associated with a name 1875-1957.
245 14 - TITLE STATEMENT
Title The Anticosti Island faunas /
Statement of responsibility, etc. by W. H. Twenhofel.
260 ## - PUBLICATION, DISTRIBUTION, ETC.
Place of publication, distribution, etc. Ottawa :
Name of publisher, distributor, etc. Government printing bureau,
Date of publication, distribution, etc. 1914.
300 ## - PHYSICAL DESCRIPTION
Extent 39 p. :
Other physical details ill. ;
Dimensions 25 cm.
490 1# - SERIES STATEMENT
Series statement Museum bulletin ; no. 3.
-- Geological series ;
Volume/sequential designation no. 19
500 ## - GENERAL NOTE
General note Cover title.
500 ## - GENERAL NOTE
General note At head of title: Canada. Department of mines.
500 ## - GENERAL NOTE
General note "October 30, 1914."
650 #0 - SUBJECT ADDED ENTRY--TOPICAL TERM
Topical term or geographic name entry element Paleontology
Geographic subdivision Québec (Province)
-- Anticosti Island.
830 #0 - SERIES ADDED ENTRY--UNIFORM TITLE
Uniform title Museum bulletin (Victoria Memorial Museum (Canada)) ;
Volume/sequential designation no. 3.
830 #0 - SERIES ADDED ENTRY--UNIFORM TITLE
Uniform title Museum bulletin (Victoria Memorial Museum (Canada)).
Name of part/section of a work Geological series ;
Volume/sequential designation no. 19.

No items available.

Powered by Koha